Jaki język jest najbliższy Polskiego? - Statystyki

Ogólne statystyki
  • Ten quiz został rozwiązany 1 239 razy
  • Średni wynik to 7 z 9
Statystyki odpowiedzi
Stopień zrozumiałości Język % Poprawnych
18% Rosyjski
97%
36% Czeski
96%
37% Ukraiński
96%
41% Słowacki
93%
30% Białoruski
80%
19% Chorwacki
65%
15% Słoweński
65%
19% Serbski
60%
13% Bułgarski
51%
Nie znaleziono quizów pasujących do podanych kryteriów
Rozkład punktacji
Procent ludzi z każdym wynikiem
Percentyl według liczby udzielonych odpowiedzi
Twoja historia wyników
Nie rozwiązałeś tego quizu